[Event "Berlin Neukoelln"]
[Site "Berlin"]
[Date "1990.??.??"]
[Round "9"]
[White "Guldner, Kurt"]
[Black "Rabiega, Robert"]
[Result "1/2-1/2"]
[WhiteElo "2300"]
[BlackElo "2345"]
[PlyCount "122"]
[EventDate "1990.??.??"]
[EventType "tourn"]
[EventRounds "11"]
[EventCountry "GER"]
[EventCategory "3"]
[SourceTitle "EXT 1997"]
[Source "ChessBase"]
[SourceDate "1996.11.15"]
[SourceVersion "1"]
[SourceVersionDate "1996.11.15"]
[SourceQuality "1"]

1. c4 e6 2. Nc3 d5 3. d4 Nf6 4. Bg5 Be7 5. cxd5 exd5 6. Qc2 c6 7. e3 Nbd7 8. Bd3 0-0 9. Nf3 Re8 10. 0-0 Nf8 11. h3 g6 12. Ne5 Nh5 13. Bxe7 Qxe7 14. Rae1 f6 15. Ng4 f5 16. Ne5 Ne6 17. g4 Ng5 18. gxh5 Nxh3+ 19. Kh1 Qh4 20. Nf3 Qxh5 21. Nh2 f4 22. e4 Ng5 23. f3 Bh3 24. Rf2 Ne6 25. Ne2 Qh4 26. Ng1 Nxd4 27. Qd2 Be6 28. Ref1 Rad8 29. Qc3 Bf7 30. Rg2 Ne6 31. Rg4 Qe7 32. exd5 Rxd5 33. Bc4 Rc5 34. b4 Rf5 35. Re1 Qd6 36. Nh3 Nc7 37. Rxe8+ Nxe8 38. Bxf7+ Rxf7 39. Qc4 b5 40. Qb3 Kg7 41. Ng5 Rf5 42. Ne4 Qd4 43. Rg1 Rd5 44. Ng4 Rh5+ 45. Kg2 Rd5 46. Ngf2 Qe3 47. Qc2 Nd6 48. Ng4 Nc4 49. Rd1 h5 50. Nh2 Qa3 51. Nf1 Qxb4 52. Rxd5 cxd5 53. Qc3+ Qxc3 54. Nxc3 d4 55. Nxb5 d3 56. Kf2 h4 57. Nxa7 Kf6 58. Nb5 Ke5 59. Nc3 h3 60. Ne4 Kd4 61. Kg1 g5 1/2-1/2

[Event "Berlin Neukoelln"]
[Site "Berlin"]
[Date "1990.??.??"]
[Round "4"]
[White "Luecke, Norbert"]
[Black "Guldner, Kurt"]
[Result "1-0"]
[WhiteElo "2360"]
[BlackElo "2300"]
[PlyCount "107"]
[EventDate "1990.??.??"]
[EventType "tourn"]
[EventRounds "11"]
[EventCountry "GER"]
[EventCategory "3"]
[SourceTitle "EXT 1997"]
[Source "ChessBase"]
[SourceDate "1996.11.15"]
[SourceVersion "1"]
[SourceVersionDate "1996.11.15"]
[SourceQuality "1"]

1. e4 c5 2. Nf3 Nc6 3. d4 cxd4 4. Nxd4 g6 5. Nc3 Bg7 6. Be3 Nf6 7. Bc4 0-0 8. Bb3 a5 9. Ndb5 d6 10. f3 Bd7 11. Qd2 Ne5 12. a4 Ra6 13. h4 h5 14. 0-0-0 Qb8 15. Bg5 Be6 16. Nd5 Bxd5 17. exd5 Re8 18. Rhe1 Qd8 19. Nd4 Nfd7 20. f4 Ng4 21. f5 Nc5 22. fxg6 fxg6 23. Bc4 Nxa4 24. Bxa6 bxa6 25. b3 Nc5 26. Nc6 Qb6 27. Qxa5 Nxb3+ 28. cxb3 Qxb3 29. Re2 Ne5 30. Nxe5 Bxe5 31. Rc2 Bb2+ 32. Rxb2 Rc8+ 33. Kb1 Qxd1+ 34. Ka2 Qd3 35. Bd2 Rc5 36. Qa4 Kh7 37. Qb3 Qe4 38. Qf3 Qxf3 39. gxf3 Rxd5 40. Bg5 e5 41. Rb7+ Kg8 42. Kb3 Rd3+ 43. Kc2 Rd5 44. Kc3 Kf8 45. Bh6+ Ke8 46. Rg7 Rd4 47. Bg5 a5 48. Rxg6 Kf7 49. Rf6+ Kg7 50. f4 a4 51. Re6 a3 52. fxe5 Ra4 53. exd6 a2 54. Re1 1-0